|
|
|
|
| LEADER |
00000naa2a2200000 4500 |
| 001 |
603367 |
| 005 |
20260304160958.0 |
| 035 |
|
|
|a (RuTPU)RU\TPU\conf\551
|
| 035 |
|
|
|a RU\TPU\conf\550
|
| 090 |
|
|
|a 603367
|
| 100 |
|
|
|a 20140114d2013 k y0rusy50 ca
|
| 101 |
0 |
|
|a rus
|
| 102 |
|
|
|a RU
|
| 135 |
|
|
|a drnn ---uucaa
|
| 181 |
|
0 |
|a i
|
| 182 |
|
0 |
|a b
|
| 200 |
1 |
|
|a Привод динамической бленды обзорного фотометра
|f Н. В. Макарова
|g науч. рук. В. С. Янгулов
|
| 203 |
|
|
|a Текст
|c электронный
|
| 225 |
1 |
|
|a Современные системы и технологии в неразрушающем контроле
|
| 300 |
|
|
|a Заглавие с титульного экрана
|
| 320 |
|
|
|a [Библиогр.: с. 36 (3 назв.)]
|
| 337 |
|
|
|a Adobe Reader
|
| 461 |
|
1 |
|0 (RuTPU)RU\TPU\conf\33
|t Неразрушающий контроль: электронное приборостроение, технологии, безопасность
|o сборник трудов III Всероссийской научно-практической конференции студентов, аспирантов и молодых учёных, Томск, 27-31 мая 2013 г.
|o в 2 т.
|f Национальный исследовательский Томский политехнический университет (ТПУ)
|d 2013
|
| 463 |
|
1 |
|0 (RuTPU)RU\TPU\conf\35
|t Т. 2
|v [С. 33-36]
|d 2013
|
| 610 |
1 |
|
|a труды учёных ТПУ
|
| 610 |
1 |
|
|a электронный ресурс
|
| 610 |
1 |
|
|a приводы
|
| 610 |
1 |
|
|a фотометры
|
| 610 |
1 |
|
|a фотометрия
|
| 610 |
1 |
|
|a бленды
|
| 700 |
|
1 |
|a Макарова
|b Н. В.
|
| 702 |
|
1 |
|a Янгулов
|b В. С.
|c специалист в области точного приборостроения
|c старший преподаватель Томского политехнического университета, кандидат технических наук
|f 1946-
|g Владимир Семенович
|4 727
|
| 712 |
0 |
2 |
|a Национальный исследовательский Томский политехнический университет
|c (2009- )
|9 26305
|
| 801 |
|
2 |
|a RU
|b 63413507
|c 20230522
|g RCR
|
| 856 |
4 |
|
|u http://www.lib.tpu.ru/fulltext/c/2013/C36/V2/008.pdf
|
| 942 |
|
|
|c BK
|